[Event "SVK ECo-C Extraliga 2018-19"]
[Site "Slovakia"]
[Date "2018.12.08"]
[Round "3"]
[White "Bures, Jaroslav"]
[Black "Gasa, Andrej"]
[Result "1-0"]
[WhiteElo "2388"]
[BlackElo "2288"]
[Annotator "NA"]
[PlyCount "97"]
[EventDate "2018.11.10"]
[EventType "team-tourn"]
[EventCountry "SVK"]
[SourceTitle "playchess.com"]
[Source "ChessBase"]
[SourceQuality "1"]
[WhiteTeam "Slovan"]
[BlackTeam "Osuske"]
[TimeControl "40/5400+30:1800+30"]

1. e4 {[%emt 0:00:00]} c5 {[%emt 0:00:00]} 2. Nf3 {[%emt 0:00:00]} d6 {[%emt 0:00:00]} 3. d4 {[%emt 0:00:01]} cxd4 {[%emt 0:00:00]} 4. Nxd4 {[%emt 0:00:02]} Nf6 {[%emt 0:00:00]} 5. Nc3 {[%emt 0:00:02]} a6 {[%emt 0:00:01]} 6. Bg5 {[%emt 0:00:03]} e6 {[%emt 0:00:07]} 7. Qf3 {[%emt 0:00:01]} Be7 {[%emt 0:03:04]} 8. O-O-O {[%emt 0:00:31]} Qc7 {[%emt 0:00:14]} 9. Qg3 {[%emt 0:02:05] LiveBook: 25 Games} Nc6 {[%emt 0:01:49] B95: Sicilian Najdorf: 6 Bg5 e6, unusual White 7th moves} (9... Bd7 10. f4 h6 11. Bh4 Nc6 12. Be2 O-O-O 13. f5 Rhg8 14. Qh3 Nxd4 15. Rxd4 Kb8 16. Rhd1 Ka8 17. Bf2 Rc8 18. Kb1 d5 19. exd5 Nxd5 20. Rxd5 exd5 21. Rxd5 {½-½ (36) Kosteniuk,A (2542)-Ushenina,A (2458) Khanty-Mansiysk 2017}) 10. Bxf6 {[%emt 0:04:53]} gxf6 {[%emt 0:11:39]} 11. Qg7 $146 {[%emt 0:00:05]} ({Predecessor:} 11. f4 Nxd4 12. Rxd4 b5 13. Be2 Bd7 14. Qg7 Rf8 15. Qxh7 Rb8 16. Qh5 Qb6 17. Rhd1 {1-0 (49) Sharma,D (2365)-Hemant,S (2237) Bhiwani 2010}) 11... Rf8 {[%emt 0:00:06]} 12. Qxh7 {[%emt 0:07:03]} Nxd4 {[%emt 0:00:55]} 13. Rxd4 {[%emt 0:00:05]} Qc5 {[%emt 0:00:04]} 14. Rd2 {[%emt 0:00:08]} b5 {[%emt 0:01:23]} 15. h4 {[%emt 0:07:17]} Bb7 {[%emt 0:03:40]} 16. f3 {[%emt 0:06:30]} b4 {[%emt 0:05:20]} 17. Nd1 $1 {[%emt 0:00:19]} a5 {[%emt 0:00:25]} 18. Qh6 {[%emt 0:01:07]} O-O-O {[%emt 0:06:31]} 19. Ne3 {[%emt 0:13:32]} Kb8 {[%emt 0:01:51]} 20. Ng4 {[%emt 0:01:48]} f5 {[%emt 0:01:15]} 21. exf5 {[%emt 0:00:37]} Qxf5 {[%emt 0:00:21]} 22. Bd3 {[%emt 0:02:48]} Qc5 {[%emt 0:00:06]} 23. Qg7 {[%emt 0:01:58]} Qh5 {[%emt 0:03:40]} 24. Nh6 {[%emt 0:07:23]} Rde8 {[%emt 0:04:24]} 25. g4 {[%emt 0:09:17]} Qd5 {[%emt 0:12:06]} 26. Kb1 {[%emt 0:13:59]} Qxf3 {[%emt 0:03:48]} 27. Rf1 {[%emt 0:00:12]} Qe3 {[%emt 0:00:07]} 28. Rdf2 {[%emt 0:04:18]} Bxh4 {[%emt 0:03:04]} 29. Rxf7 {[%emt 0:00:04]} Rxf7 {[%emt 0:00:39]} 30. Nxf7 {[%emt 0:00:01]} Bg3 {[%emt 0:05:12]} 31. Nxd6 {[%emt 0:01:38]} Bxd6 {[%emt 0:00:51]} 32. Qd7 {[%emt 0:00:06]} Rg8 {[%emt 0:04:21]} 33. Qxd6+ {[%emt 0:00:10]} Ka7 {[%emt 0:00:53]} 34. Qc7 {[%emt 0:03:00]} Rg5 {[%emt 0:01:31]} 35. b3 {[%emt 0:02:05]} Qd4 {[%emt 0:05:12]} 36. Rf7 {[%emt 0:03:14]} Qg1+ {[%emt 0:05:39]} 37. Bf1 {[%emt 0:00:07]} Qb6 {[%emt 0:02:25]} 38. Qg3 {[%emt 0:04:28]} Qd4 {[%emt 0:03:11]} 39. Be2 {[%emt 0:00:03]} e5 {[%emt 0:00:54]} 40. Qh2 {[%emt 0:04:32]} e4 {[%emt 0:06:55]} 41. Qh6 {[%emt 0:32:46]} Qg1+ {[%emt 0:34:17]} 42. Bf1 {[%emt 0:00:04]} Rb5 {[%emt 0:00:27]} 43. Qc1 {[%emt 0:01:41]} Rb6 {[%emt 0:00:42]} 44. Qg5 {[%emt 0:00:00]} Qd4 {[%emt 0:00:00]} 45. Qxa5+ {[%emt 0:00:00]} Kb8 {[%emt 0:00:00]} 46. Be2 {[%emt 0:00:00]} Ba6 {[%emt 0:00:00]} 47. Rd7 {[%emt 0:00:00]} Qe3 {[%emt 0:00:00]} 48. Qe5+ {[%emt 0:00:00]} Ka8 {[%emt 0:00:00]} 49. Bxa6 {[%emt 0:00:00]} 1-0

[Event "SVK ECo-C Extraliga 2018-19"]
[Site "Slovakia"]
[Date "2018.12.08"]
[Round "3"]
[White "Maslik, Miroslav"]
[Black "Bagi, Mate"]
[Result "1/2-1/2"]
[WhiteElo "2356"]
[BlackElo "2453"]
[Annotator "TA"]
[PlyCount "36"]
[EventDate "2018.11.10"]
[EventType "team-tourn"]
[EventCountry "SVK"]
[SourceTitle "playchess.com"]
[Source "ChessBase"]
[SourceQuality "1"]
[WhiteTeam "Modra"]
[BlackTeam "Streda"]

{[%evp 34,36,9,0,15]} 1. Nf3 Nf6 2. g3 g6 3. Bg2 Bg7 4. O-O d5 5. d4 O-O 6. c4 dxc4 7. Na3 Nc6 8. Nxc4 Be6 9. b3 Bd5 10. Bb2 a5 11. Rc1 a4 12. bxa4 Ra6 13. a3 Qa8 14. a5 {D77: Fianchetto Grünfeld: 6 0-0: Replies other than 6...c6} Rd8 15. Qc2 Be4 16. Qb3 $146 ({Predecessor:} 16. Qd2 Ne8 17. Qe3 {½-½ (19) Kanep,M (2474)-Sepp,O (2461) Tallinn 2005}) 16... Bd5 17. Qc2 Be4 18. Qb3 {LiveBook: 4 Games} Bd5 1/2-1/2

[Event "SVK ECo-C Extraliga 2018-19"]
[Site "Slovakia"]
[Date "2018.12.08"]
[Round "3"]
[White "Csonka, Attila"]
[Black "Banas, Kamil"]
[Result "1-0"]
[WhiteElo "2352"]
[BlackElo "2248"]
[Annotator "NA"]
[PlyCount "53"]
[EventDate "2018.11.10"]
[EventType "team-tourn"]
[EventCountry "SVK"]
[SourceTitle "playchess.com"]
[Source "ChessBase"]
[SourceQuality "1"]
[WhiteTeam "Streda"]
[BlackTeam "Modra"]
[TimeControl "40/5400+30:1800+30"]

1. e4 {[%emt 0:00:00]} c6 {[%emt 0:01:10]} 2. d4 {[%emt 0:00:00]} d5 {[%emt 0:00:03]} 3. Nc3 {[%emt 0:00:00]} dxe4 {[%emt 0:00:03]} 4. Nxe4 {[%emt 0:00:00]} Bf5 {[%emt 0:00:01]} 5. Ng3 {[%emt 0:00:01]} Bg6 {[%emt 0:00:01]} 6. h4 {[%emt 0:00:09]} h6 {[%emt 0:00:03]} 7. Nh3 {[%emt 0:00:05]} e6 {[%emt 0:02:46]} 8. Nf4 {[%emt 0:00:10]} Bh7 $1 {[%emt 0:00:35]} 9. Bc4 {[%emt 0:00:07]} Nf6 {[%emt 0:02:44]} 10. O-O {[%emt 0:01:49]} Bd6 {[%emt 0:03:44]} 11. c3 {[%emt 0:04:05] LiveBook: 6 Games B18: Classical Caro-Kann: 4...Bf5 sidelines} (11. Nxe6 fxe6 12. Bxe6 Qc7 13. Re1 Nbd7 14. Bh3+ Kd8 15. Nf5 Bxf5 16. Bxf5 Bh2+ 17. Kh1 Bf4 18. Qf3 Bxc1 19. Raxc1 {0-1 (32) Christiansen,J (2495)-Eljanov,P (2711) Riadh 2017}) 11... Qc7 {[%emt 0:05:17]} 12. Ngh5 {[%emt 0:04:29]} Nxh5 {[%emt 0:02:10]} 13. Nxh5 {[%emt 0:00:09]} O-O {[%emt 0:03:51]} (13... Rg8 $1 $11) 14. Qg4 {[%emt 0:02:53]} Bg6 {[%emt 0:01:30]} 15. Nxg7 {[%emt 0:00:39]} Kxg7 {[%emt 0:01:04]} 16. h5 {[%emt 0:00:06]} Nd7 {[%emt 0:09:46]} 17. hxg6 {[%emt 0:02:52]} fxg6 {[%emt 0:00:20]} 18. Qxe6 $146 {[%emt 0:05:26]} ({Predecessor:} 18. Bxe6 Nf6 {½-½ (34) Gerber,H (1630)-Billing,O (1486) Augsburg 2003}) 18... Nf6 {[%emt 0:01:17]} 19. Qh3 {[%emt 0:01:46]} Nh5 {[%emt 0:01:52]} 20. Be3 {[%emt 0:03:56]} Nf4 {[%emt 0:02:33]} 21. Bxf4 {[%emt 0:01:29]} Rxf4 {[%emt 0:00:15]} 22. Rae1 {[%emt 0:00:59]} Rf5 {[%emt 0:04:18]} 23. Re6 {[%emt 0:02:04]} Raf8 {[%emt 0:03:02]} 24. Bd3 {[%emt 0:06:13]} Rg5 {[%emt 0:02:09]} 25. Rfe1 $18 {[%emt 0:03:54]} Rf4 {[%emt 0:06:59]} 26. R1e4 {[%emt 0:05:00]} Rf8 {[%emt 0:08:29]} 27. Rg4 {[%emt 0:01:05]} 1-0

[Event "SVK ECo-C Extraliga 2018-19"]
[Site "Slovakia"]
[Date "2018.12.08"]
[Round "3"]
[White "Jurcik, Martin"]
[Black "Zvarik, Martin"]
[Result "1-0"]
[WhiteElo "2336"]
[BlackElo "2310"]
[Annotator "NA"]
[PlyCount "119"]
[EventDate "2018.11.10"]
[EventType "team-tourn"]
[EventCountry "SVK"]
[SourceTitle "playchess.com"]
[Source "ChessBase"]
[SourceQuality "1"]
[WhiteTeam "Dunajov"]
[BlackTeam "Zilina"]
[TimeControl "40/5400+30:1800+30"]

1. e4 {[%emt 0:00:00]} e5 {[%emt 0:00:00]} 2. Nf3 {[%emt 0:00:04]} Nc6 {[%emt 0:00:00]} 3. d4 {[%emt 0:00:33]} exd4 4. Nxd4 {[%emt 0:00:09]} Bc5 {[%emt 0:01:22]} 5. Nb3 {[%emt 0:00:51]} Be7 {[%emt 0:02:09]} 6. Nc3 {[%emt 0:04:21]} Nf6 {[%emt 0:00:52]} 7. g3 {[%emt 0:06:58] LiveBook: 3 Games} d6 {[%emt 0:04:24]} 8. Bg2 {[%emt 0:04:28]} h5 {[%emt 0:06:28]} 9. h3 {[%emt 0:00:44]} Be6 {[%emt 0:01:52]} 10. Be3 {[%emt 0:13:30]} Ne5 $16 {[%emt 0:09:37]} 11. Nd4 {[%emt 0:01:58]} Nc4 {[%emt 0:17:07]} 12. Bc1 {[%emt 0:05:22]} Nd7 {[%emt 0:06:54]} 13. Qe2 {[%emt 0:20:16]} Ncb6 {[%emt 0:01:15]} 14. Nd5 {[%emt 0:00:47]} Bxd5 {[%emt 0:00:30]} 15. exd5 {[%emt 0:00:30]} Kf8 {[%emt 0:00:30]} 16. f4 {[%emt 0:00:30]} Bf6 {[%emt 0:00:30]} 17. Be3 {[%emt 0:00:30]} Qe8 {[%emt 0:00:30]} 18. Nb5 {[%emt 0:16:24]} Bd8 {[%emt 0:34:56]} 19. Bd4 {[%emt 0:02:47]} Qxe2+ {[%emt 0:00:34]} 20. Kxe2 {[%emt 0:00:00]} a6 {[%emt 0:00:15]} 21. Nc3 {[%emt 0:00:10]} Bf6 {[%emt 0:00:09]} 22. Bxf6 {[%emt 0:04:56]} Nxf6 {[%emt 0:02:13]} 23. Kd3 {[%emt 0:00:11]} Rh6 {[%emt 0:01:13]} 24. Bf3 {[%emt 0:02:34]} Re8 {[%emt 0:01:52]} 25. Kd4 {[%emt 0:01:18]} Ng8 {[%emt 0:03:05]} 26. Be4 {[%emt 0:11:13]} Ne7 {[%emt 0:00:49]} 27. Nd1 {[%emt 0:01:21]} c5+ {[%emt 0:00:42]} 28. dxc6 {[%emt 0:00:41]} bxc6 {[%emt 0:00:07]} 29. c4 {[%emt 0:00:31]} d5 {[%emt 0:01:56]} 30. cxd5 {[%emt 0:00:44]} cxd5 {[%emt 0:00:10]} 31. Bd3 {[%emt 0:00:25]} Re6 {[%emt 0:01:47]} 32. Rc1 {[%emt 0:00:28]} Nc6+ {[%emt 0:00:43]} 33. Kc3 {[%emt 0:00:08]} Rb8 {[%emt 0:01:21]} 34. b3 {[%emt 0:00:27]} d4+ {[%emt 0:00:12]} 35. Kd2 {[%emt 0:00:17]} Nb4 {[%emt 0:00:20]} 36. a3 {[%emt 0:00:37]} Nxd3 {[%emt 0:00:27]} 37. Kxd3 {[%emt 0:00:01]} Nd7 {[%emt 0:00:40]} 38. b4 {[%emt 0:00:13]} a5 {[%emt 0:00:17]} 39. Rc4 {[%emt 0:00:18]} Rg6 {[%emt 0:00:57]} 40. Rg1 {[%emt 0:01:10]} axb4 41. axb4 {[%emt 0:30:33]} Ra8 {[%emt 0:04:18]} 42. Rxd4 {[%emt 0:00:00]} Ra3+ {[%emt 0:05:20]} 43. Nc3 {[%emt 0:00:00]} Nb6 {[%emt 0:01:03]} 44. b5 {[%emt 0:00:00]} f5 {[%emt 0:02:42]} 45. Kc2 {[%emt 0:00:00]} h4 {[%emt 0:00:40]} 46. g4 {[%emt 0:00:00]} Re6 {[%emt 0:03:29]} 47. Kd2 {[%emt 0:00:00]} Re8 {[%emt 0:01:41]} 48. gxf5 {[%emt 0:00:00]} Rc8 {[%emt 0:00:06]} 49. Rd3 {[%emt 0:00:00]} Rb3 {[%emt 0:00:42]} 50. Rg6 {[%emt 0:00:00]} Nc4+ {[%emt 0:00:26]} 51. Kc2 {[%emt 0:00:00]} Rb2+ {[%emt 0:01:11]} 52. Kc1 {[%emt 0:00:00]} Rf2 {[%emt 0:01:39]} 53. Rc6 {[%emt 0:01:25]} Rxc6 {[%emt 0:01:08]} 54. bxc6 {[%emt 0:00:06]} Rxf4 {[%emt 0:00:09]} 55. Rd8+ {[%emt 0:02:01]} Kf7 {[%emt 0:00:25]} 56. Nd5 {[%emt 0:00:37]} Rf1+ {[%emt 0:00:59]} 57. Kc2 {[%emt 0:00:02]} Na3+ {[%emt 0:00:06]} 58. Kb3 {[%emt 0:00:52]} Nb5 {[%emt 0:00:30]} 59. Kc4 {[%emt 0:01:37]} Rb1 {[%emt 0:00:14]} 60. Kc5 {[%emt 0:00:43]} 1-0

[Event "SVK ECo-C Extraliga 2018-19"]
[Site "Slovakia"]
[Date "2018.12.08"]
[Round "3"]
[White "Jacko, Vladimir"]
[Black "Maslikova, Veronika"]
[Result "1-0"]
[WhiteElo "2330"]
[BlackElo "2249"]
[Annotator "NA"]
[PlyCount "75"]
[EventDate "2018.11.10"]
[EventType "team-tourn"]
[EventCountry "SVK"]
[SourceTitle "playchess.com"]
[Source "ChessBase"]
[SourceQuality "1"]
[WhiteTeam "Prakovce"]
[BlackTeam "Podhajska"]
[TimeControl "40/5400+30:1800+30"]

1. d4 {[%emt 0:00:20]} d6 {[%emt 0:01:09]} 2. e4 {[%emt 0:00:50]} Nd7 {[%emt 0:00:20]} 3. Nf3 {[%emt 0:02:41]} g6 {[%emt 0:05:14]} 4. Bc4 {[%emt 0:07:34]} e6 {[%emt 0:11:06]} 5. Nc3 {[%emt 0:09:20]} Bg7 {[%emt 0:20:25]} 6. Bg5 {[%emt 0:04:46]} Ne7 {[%emt 0:05:02]} 7. Qd2 {[%emt 0:02:56]} h6 {[%emt 0:00:50]} 8. Bf4 {[%emt 0:05:02]} a6 {[%emt 0:04:23]} 9. a4 {[%emt 0:01:16]} b6 {[%emt 0:11:01]} 10. O-O {[%emt 0:04:50]} g5 {[%emt 0:06:11]} 11. Be3 {[%emt 0:04:17]} Ng6 {[%emt 0:03:45]} 12. Ne2 {[%emt 0:04:57]} Nf6 {[%emt 0:12:16]} 13. Ng3 {[%emt 0:07:17]} Qe7 {[%emt 0:02:21]} 14. Qb4 {[%emt 0:15:07]} O-O {[%emt 0:01:41]} 15. Rfe1 {[%emt 0:05:36]} Re8 {[%emt 0:01:34]} 16. d5 {[%emt 0:06:08]} e5 {[%emt 0:01:28]} 17. a5 {[%emt 0:00:38]} b5 {[%emt 0:00:45]} 18. Bf1 {[%emt 0:00:06]} g4 {[%emt 0:01:38]} 19. Nd2 {[%emt 0:00:30]} Bd7 {[%emt 0:01:33]} 20. c4 {[%emt 0:01:33]} bxc4 {[%emt 0:00:19]} 21. Qxc4 {[%emt 0:02:57]} Nh4 {[%emt 0:01:13]} 22. Rec1 {[%emt 0:02:50]} Rec8 {[%emt 0:00:25]} 23. Rc3 {[%emt 0:02:10]} c5 {[%emt 0:01:25]} 24. Qa2 {[%emt 0:01:23]} Rcb8 {[%emt 0:00:49]} 25. Nc4 {[%emt 0:00:20]} Be8 {[%emt 0:02:12]} 26. Nb6 {[%emt 0:00:23]} Ra7 {[%emt 0:00:31]} 27. b4 {[%emt 0:00:50]} Nd7 {[%emt 0:01:08]} 28. Nxd7 {[%emt 0:00:58]} Qxd7 {[%emt 0:00:41]} 29. bxc5 {[%emt 0:00:23]} dxc5 {[%emt 0:00:06]} 30. Rxc5 {[%emt 0:01:19]} Raa8 {[%emt 0:01:25]} 31. Rc6 {[%emt 0:01:07]} Rc8 {[%emt 0:01:13]} 32. Rxa6 {[%emt 0:01:31]} Rxa6 {[%emt 0:00:21]} 33. Bxa6 {[%emt 0:00:02]} Rc3 {[%emt 0:00:49]} 34. Qd2 {[%emt 0:00:39]} Rb3 {[%emt 0:00:41]} 35. Bc4 {[%emt 0:00:12]} Rb8 {[%emt 0:00:31]} 36. a6 {[%emt 0:00:11]} Bf8 {[%emt 0:00:11]} 37. a7 {[%emt 0:00:21]} Ra8 {[%emt 0:00:03]} 38. d6 {[%emt 0:01:16]} 1-0

[Event "SVK ECo-C Extraliga 2018-19"]
[Site "Slovakia"]
[Date "2018.12.08"]
[Round "3"]
[White "Jakab, Bela"]
[Black "Kriebel, Tadeas"]
[Result "0-1"]
[WhiteElo "2320"]
[BlackElo "2517"]
[Annotator "TA"]
[PlyCount "164"]
[EventDate "2018.11.10"]
[EventType "team-tourn"]
[EventCountry "SVK"]
[SourceTitle "playchess.com"]
[Source "ChessBase"]
[SourceQuality "1"]
[WhiteTeam "Komarno"]
[BlackTeam "Snina"]

{[%evp 10,164,32,27,29,29,23,23,26,29,52,0,0,-11,-3,-71,-43,-44,-29,-43,-30,-75,-22,-36,-16,-36,-38,-51,-53,-77,-83,-83,-83,-83,-74,-74,-81,-76,-76,-77,-70,-87,-91,-86,-76,-76,-78,-224,-223,-221,-218,-196,-193,-228,-135,-135,-137,-138,-120,-127,-119,-129,-79,-132,-24,-16,0,-131,-124,-174,-146,-160,-156,-175,-167,-118,-41,-35,-29,-37,-31,-36,0,0,0,-15,0,-47,-68,-255,-234,-232,-250,-247,-241,-243,-247,-324,-322,-296,-273,-255,-85,-77,-82,-224,-195,-239,-256,-240,-199,-289,-287,-353,-353,-346,-346,-337,-311,-285,-278,-428,-403,-948,-880,-982,-895,-1416,-1430,-1568,-1514,-1466,-1276,-2172,-1015,-1422,-1087,-2474,-1831,-5424,-5544,-1712,-1578,-29977,-29978,-29985,-29986,-29986,-29982,-29982,-29983,-29984,-29983,-29983,-29984,-29984,-29985]} 1. e4 e5 2. Nf3 Nc6 3. Bc4 Nf6 4. d3 h6 5. c3 d6 6. Bb3 {LiveBook: 89 Games} g5 {C55: Two Knights: 4 d3, 4 d4 exd4 5 e5 and Max Lange Attack} 7. h3 Bg7 8. Nbd2 O-O {White has an edge.} 9. Nf1 Ne7 10. Qe2 $146 (10. Ng3 $14) ({Predecessor:} 10. Ne3 Be6 11. h4 g4 12. Nh2 h5 13. f3 d5 14. fxg4 hxg4 15. Nhxg4 Nxg4 16. Nxg4 {½-½ (42) Dominguez Perez,L (2739)-Mamedyarov,S (2801) Saint Louis 2018}) 10... Ng6 $11 11. Be3 a5 12. g4 (12. a4 $11 {remains equal.}) 12... d5 (12... a4 $5 {[%cal Ra4b3]} 13. Bc2 a3 $15) 13. Bc2 Re8 14. Ng3 Nf4 15. Qd2 Ng2+ (15... a4 $17) 16. Kf1 $1 {[%cal Rf1g2]} Nf4 17. Nf5 Bxf5 18. gxf5 N6h5 19. h4 g4 20. Ne1 Qd7 21. Bd1 dxe4 22. dxe4 Qc6 23. Bxg4 Qxe4 {[%cal Re4h1]} 24. Rg1 Rad8 $36 {[%mdl 2048] Black is more active.} 25. Qc2 Qc4+ $1 26. Be2 Nxe2 27. Qxe2 Qxh4 28. Bxh6 (28. Qf3 $17) 28... Qh3+ $19 {[%mdl 64] Double Attack} 29. Rg2 {[#]} Ng3+ $1 {[%mdl 512]} 30. fxg3 {aiming for Bxg7.} Bxh6 31. Nf3 Qxf5 (31... e4 $1 $19 {[%cal Re4f3]} 32. Nh2 Qxf5+ 33. Kg1 Rd3 34. Qg4+ Qxg4 35. Nxg4 Bg5) 32. Kg1 $17 Qd3 33. Re1 Qxe2 34. Rgxe2 f6 35. Kg2 Re6 36. Nh4 (36. Rh1 $142 Bg7 37. Nd2) 36... Bg5 (36... Kf7 $17 37. Nf5 Bg5) 37. Nf3 $11 Bh6 ({Black should try} 37... Rd5 $11) 38. Nh4 $1 $17 Rb6 39. Kh3 Rd2 40. Nf5 Bg5 41. b3 Rxe2 42. Rxe2 $19 {[%mdl 4096] Endgame [#] KRB-KRN} Kf7 (42... a4 $1 $17 {[%mdl 512]} 43. Rb2 (43. bxa4 Kf7) 43... axb3 44. axb3 Kf7) 43. Kg4 $15 Ke6 44. Rh2 Rc6 45. c4 {Rh7 would kill now.} Bc1 (45... b5 {feels hotter.} 46. Re2 Kd7 47. cxb5 Rc5 48. a4 Rc3) 46. Rh8 Ba3 47. Ra8 Rc5 48. Rh8 b5 49. Ng7+ $2 ({Better is} 49. Re8+ $15 Kd7 50. Re7+ Kc8 51. cxb5) 49... Kf7 $19 50. Nh5 bxc4 51. bxc4 e4 $1 (51... Rxc4+ 52. Kf5 $11) 52. Nf4 {[#]} Rg5+ $1 ({Don't do} 52... Rxc4 53. Kf5 $17) 53. Kh4 Bd6 54. Rh7+ Kg8 55. Rd7 Bxf4 $2 (55... e3 $19 56. Rd8+ Kf7) 56. gxf4 {KR-KR} Rg7 57. Rd8+ (57. Rd4 $17) 57... Kf7 58. f5 {[#]} Rg5 $1 59. Rd7+ Kf8 60. Rd5 (60. Rd4 $142) 60... e3 {( -> ...e2)} 61. Rd3 e2 ({Not} 61... Rxf5 62. Rxe3 Rc5 63. Rc3 $17) 62. Re3 Rxf5 {Strongly threatening ...Re5.} 63. Rxe2 Rf4+ 64. Kh5 Kf7 ({Less strong is} 64... Rxc4 65. Kg6 $17) 65. Rc2 (65. c5 $142) 65... c5 66. Rc3 (66. Rb2 $142 Rxc4 67. Rb1) 66... a4 67. Rc2 Ke6 68. Kg6 Rg4+ 69. Kh6 f5 {[%cal Bf6f5,Bf5f4,Bf4f3,Bf3f2][%mdl 32]} 70. Kh5 Ke5 71. Rc3 Re4 (71... Rg2 $142 72. a3 f4) 72. Kg5 f4 73. Rc2 Re3 74. Rd2 Rg3+ 75. Kh4 Ke4 76. Rd5 Rg8 {Black mates.} 77. Rxc5 f3 78. Rc7 f2 79. Rf7 Ke3 80. c5 Ke2 81. Re7+ Kf3 82. Rf7+ Kg2 {Accuracy: White = 40%, Black = 65%.} 0-1

[Event "SVK ECo-C Extraliga 2018-19"]
[Site "Slovakia"]
[Date "2018.12.08"]
[Round "3"]
[White "Vojtek, Vladimir"]
[Black "Hausner, Ivan"]
[Result "0-1"]
[WhiteElo "2316"]
[BlackElo "2322"]
[Annotator "NA"]
[PlyCount "100"]
[EventDate "2018.11.10"]
[EventType "team-tourn"]
[EventCountry "SVK"]
[SourceTitle "playchess.com"]
[Source "ChessBase"]
[SourceQuality "1"]
[WhiteTeam "Dubnica"]
[BlackTeam "Liptovska"]
[TimeControl "40/5400+30:1800+30"]

1. e4 {[%emt 0:00:00]} c5 {[%emt 0:00:00]} 2. f4 {[%emt 0:00:00]} e6 {[%emt 0:00:26]} 3. Nf3 {[%emt 0:00:00]} Nc6 {[%emt 0:01:14]} 4. Bb5 {[%emt 0:00:42]} Nd4 {[%emt 0:00:42]} 5. Nxd4 {[%emt 0:01:14]} cxd4 {[%emt 0:00:05]} 6. Qf3 {[%emt 0:00:42]} a6 {[%emt 0:10:46]} 7. Ba4 {[%emt 0:01:30]} Qh4+ {[%emt 0:02:41]} 8. g3 {[%emt 0:11:24]} Qh3 {[%emt 0:00:04]} 9. c3 {[%emt 0:01:14]} Bc5 {[%emt 0:02:30]} 10. b4 {[%emt 0:02:13]} Ba7 {[%emt 0:00:05]} 11. Bb2 {[%emt 0:00:58]} Nf6 {[%emt 0:01:54]} 12. c4 {[%emt 0:14:07]} h5 {[%emt 0:07:28]} 13. Na3 {[%emt 0:13:46]} h4 {[%emt 0:06:43]} 14. O-O-O {[%emt 0:08:12]} Qg4 {[%emt 0:00:05]} 15. Qd3 {[%emt 0:02:28]} b5 {[%emt 0:01:33]} 16. cxb5 {[%emt 0:06:20]} Bb7 {[%emt 0:00:07]} 17. Rhe1 {[%emt 0:03:38]} hxg3 {[%emt 0:05:02]} 18. hxg3 {[%emt 0:03:47]} Rc8+ {[%emt 0:01:04]} 19. Kb1 {[%emt 0:00:41]} Rh3 {[%emt 0:03:06]} 20. bxa6 {[%emt 0:12:16]} Ba8 {[%emt 0:03:21]} 21. Nb5 {[%emt 0:02:31]} Rxg3 {[%emt 0:00:32]} 22. Nd6+ {[%emt 0:00:39]} Kf8 {[%emt 0:02:12]} 23. Qxg3 {[%emt 0:05:28]} Qxg3 {[%emt 0:00:06]} 24. Nxc8 {[%emt 0:00:02]} Bb8 {[%emt 0:01:32]} 25. d3 {[%emt 0:02:22]} Qxf4 {[%emt 0:01:32]} 26. Nb6 {[%emt 0:02:50]} Qd6 {[%emt 0:00:53]} 27. Nxa8 {[%emt 0:01:11]} Qxa6 {[%emt 0:00:13]} 28. Rc1 {[%emt 0:01:16]} Bf4 {[%emt 0:05:22]} 29. Rc4 {[%emt 0:00:27]} Qxa4 {[%emt 0:01:13]} 30. Nb6 {[%emt 0:00:27]} Qa6 {[%emt 0:01:59]} 31. Bxd4 {[%emt 0:00:15]} Qa3 {[%emt 0:00:43]} 32. Rd1 {[%emt 0:01:01]} Kg8 {[%emt 0:01:03]} 33. Bb2 {[%emt 0:00:28]} Qa6 {[%emt 0:00:22]} 34. Bxf6 {[%emt 0:00:56]} Qxb6 {[%emt 0:01:10]} 35. Bd4 {[%emt 0:00:38]} Qb7 {[%emt 0:00:13]} 36. a3 {[%emt 0:00:44]} g5 {[%emt 0:01:10]} 37. Rg1 {[%emt 0:01:06]} Kh7 {[%emt 0:00:31]} 38. Ka2 {[%emt 0:00:17]} d5 {[%emt 0:00:33]} 39. exd5 {[%emt 0:00:35]} Qxd5 {[%emt 0:00:06]} 40. Kb3 {[%emt 0:00:41]} e5 {[%emt 0:00:12]} 41. Bc3 {[%emt 0:00:54]} Qxd3 {[%emt 0:01:51]} 42. a4 {[%emt 0:02:37]} Be3 {[%emt 0:02:15]} 43. Rg2 {[%emt 0:03:09]} Qd1+ {[%emt 0:01:49]} 44. Rc2 {[%emt 0:00:25]} f6 {[%emt 0:00:34]} 45. b5 {[%emt 0:01:41]} g4 {[%emt 0:00:22]} 46. Kb2 {[%emt 0:03:38]} Qf3 {[%emt 0:01:05]} 47. Rh2+ {[%emt 0:08:55]} Kg6 {[%emt 0:00:09]} 48. Rh8 {[%emt 0:03:41]} g3 {[%emt 0:01:47]} 49. Rg8+ {[%emt 0:00:49]} Kf5 {[%emt 0:00:14]} 50. Rc6 {[%emt 0:01:18]} g2 {[%emt 0:03:01]} 0-1